书目信息 |
| 题名: |
基础化学工程
|
|
| 作者: | ;《基础化学工程》编写组 编 | |
| 分册: | 下册 | |
| 出版信息: | 上海 上海科学技术出版社 1980.4 |
|
| 页数: | 301页 | |
| 开本: | 26cm | |
| 丛书名: | ||
| 单 册: | ||
| 中图分类: | TQ02 | |
| 科图分类: | ||
| 主题词: | ||
| 电子资源: | ||
| ISBN: | ||
| 000 | 00558nam0 2200169 45 | |
| 001 | 0181013491 | |
| 005 | 20060417094308.53 | |
| 010 | @dCNY1.85 | |
| 100 | @a20810111d km y0chiy0120 ea | |
| 101 | 0 | @achi |
| 200 | 1 | @a基础化学工程@Aji chu hua xue gong cheng@h下册@f《基础化学工程》编写组编@F《ji chu hua xue gong cheng》bian xie zu bian |
| 210 | @a上海@c上海科学技术出版社@d1980.4 | |
| 215 | @a301页@d26cm | |
| 690 | @aTQ02@v4 | |
| 711 | 0 | @a《基础化学工程》编写组@A《ji chu hua xue gong cheng》bian xie zu@4编 |
| 801 | @aCN@bTSTC@c20060417 | |
| 905 | @dTQ02@e1:3 | |
| 基础化学工程.下册/《基础化学工程》编写组编.-上海:上海科学技术出版社,1980.4 |
| 301页;26cm |
| ISBN :CNY1.85 |
| ● |
| 相关链接 |
|
|
|
|
正题名:基础化学工程
索取号:TQ02/1:3
 
预约/预借
| 序号 | 登录号 | 条形码 | 馆藏地/架位号 | 状态 | 备注 |
| 1 | 0063116 | 001645964 | 密集书库/ [索取号:TQ02/1:3] | 在馆 |